书目信息 |
| 题名: |
沥青路面材料动特性与动态参数
|
|
| 作者: | 王旭东 主编 | |
| 分册: | ||
| 出版信息: | 北京 人民交通出版社 2002.01 |
|
| 页数: | 205页 | |
| 开本: | 26cm | |
| 丛书名: | ||
| 单 册: | ||
| 中图分类: | U416.217 | |
| 科图分类: | ||
| 主题词: | 道路工程 | |
| 电子资源: | ||
| ISBN: | 7-114-04095-4 | |
| 000 | 00595nam0 2200193 45 | |
| 001 | 8056063908 | |
| 005 | 1980012115342349 | |
| 010 | @a7-114-04095-4@dRMB 26.00 | |
| 100 | @a19800121d2002 km y0chiy0120 ea | |
| 101 | 0 | @achi |
| 102 | @aCN@b110000 | |
| 200 | 1 | @a沥青路面材料动特性与动态参数@Ali qing lu mian cai liao dong te xing yu dong tai can shu@f王旭东主编@FWang Xu Dong Zhu Bian |
| 210 | @a北京@c人民交通出版社@d2002.01 | |
| 215 | @a205页@d26cm | |
| 606 | 0 | @a道路工程 |
| 690 | @aU416.217@v3 | |
| 701 | 0 | @a王旭东@AWang Xu Dong@4主编 |
| 801 | 0 | @aCN@bPFT@c19800121 |
| 905 | @a@dU416.217@eW400 | |
| 沥青路面材料动特性与动态参数/王旭东主编.-北京:人民交通出版社,2002.01 |
| 205页;26cm |
| ISBN 7-114-04095-4:RMB 26.00 |
| ● |
| 相关链接 |
|
|
|
正题名:沥青路面材料动特性与动态参数
索取号:U416.217/W400
 
预约/预借
| 序号 | 登录号 | 条形码 | 馆藏地/架位号 | 状态 | 备注 |
| 1 | 371697 | 203716979 | 自科库501/501自科库 53排3列3层/ [索取号:U416.217/W400] | 在馆 | |
| 2 | 371698 | 203716988 | 自科库501/501自科库 53排3列3层/ [索取号:U416.217/W400] | 在馆 | |
| 3 | 371699 | 203716997 | 自科库501/501自科库 53排3列3层/ [索取号:U416.217/W400] | 在馆 |